00866 a2200157 4500003000500000005001700005040000900022082001200031100001800043245002800061250001000089260003200099300001100131505055300142650001300695Nust20170207154200.0 cNust a621.380 aKraus John D. aAntennascJohn D. Kraus a1st.  aNew YorkbMcGraw Hillc1950 a553 p. aIntroduction (Page-1) Point Sources (Page-11) The Antenna as an Aperture (Page-41) Arrays of Point Sources (Page-57) The Electric Dipole and Thin Linear Antennas (Page-127) The Loop Antenna (Page-155) The Helical Antenna (Page-173) The Biconical Antenna Its Current Distribution and Impedance (Page-230) Self and Mutual Impedances (Page-251) Arrays of Linear Antennas (Page-279) Reflector Type Antennas (Page-324) Slot Horn and Complementary Antennas (Page-353) Lens Long Wire and Other Types of Antennas (Page-382) Antenna Measurements (Page-444) aAntennas